| 000 | 01520nam a2200253Ia 4500 | ||
|---|---|---|---|
| 003 | OSt | ||
| 005 | 20250421145000.0 | ||
| 008 | 191128s1998 ck er 000 f spa d | ||
| 020 | _a9588052033 | ||
| 040 |
_aCO-JMCR _cCO-JMCR |
||
| 041 | 0 | _aspa | |
| 082 | 0 | 4 |
_aA-N _2MUJc |
| 100 | 1 |
_aMújica, Elisa, _eautora _91378 |
|
| 245 | 1 | 0 |
_aCatalina : _bnovela / _cElisa Mújica |
| 250 | _aPrimera edición | ||
| 260 |
_aBogotá : _bMinisterio de Cultura, _c1963 |
||
| 300 |
_axix, 160 páginas ; _c21 cm |
||
| 490 | 0 | _aHomenajes Nacionales de Literatura 1998 | |
| 500 | _aIncluye datos biográficos de la autora en la solapa. | ||
| 520 | _aCatalina es la obra de la interioridad ganada -paso a paso y a punta de silencios forzosos- por una mujer que conquista la independencia y la autenticidad frente a una sociedad llena de convenciones frívolas y violentas y de cara a un mundo familiar conformado sin afecto y doblegado por los intereses rapaces de enriquecimiento y prestigio social. Con sus recuerdos como material narrativo, Catalina se remonta a épocas históricas -la Guerra de los Mil Días o las guerras de independencia-a través de su propia historia, la de una muchacha de provincia, hija de familia acomodada, destinada a un previsible matrimonio de conveniencia, pero también a desvelar con ojo crítico y discreto ese rol prefijado a la mujer y a subvertirlo sin tener que destruirse. | ||
| 650 | 1 | 4 |
_aNovela colombiana _ySiglo XX _91379 |
| 650 | 1 | 4 |
_aLiteratura colombiana _91380 |
| 942 |
_2ddc _cBK |
||
| 999 |
_c3523 _d3523 |
||